[Event "BOL-ch"]
[Site "Santa Cruz"]
[Date "2022.05.22"]
[Round "9"]
[White "Mendoza, Rodrigo"]
[Black "Delgadillo, Adonai"]
[Result "1-0"]
[WhiteElo "2166"]
[BlackElo "2196"]
[PlyCount "139"]
[EventDate "2022.05.18"]
[EventType "tourn"]
[EventRounds "9"]
[EventCountry "BOL"]
[SourceTitle "EXT 2023"]
[Source "ChessBase"]
[SourceDate "2022.10.05"]
[SourceVersion "1"]
[SourceVersionDate "2022.10.05"]
[SourceQuality "1"]

1. d4 Nf6 2. c4 g6 3. Nc3 Bg7 4. e4 d6 5. Nf3 0-0 6. Be2 e5 7. 0-0 Nc6 8. d5 Ne7 9. Ne1 Nd7 10. Nd3 f5 11. f3 f4 12. b4 g5 13. c5 Ng6 14. c6 Nf6 15. a4 h5 16. b5 Rf7 17. a5 Bf8 18. Bd2 g4 19. cxb7 Bxb7 20. fxg4 hxg4 21. Bxg4 Nxg4 22. Qxg4 Rg7 23. Qe6+ Kh8 24. Qh3+ Nh4 25. Be1 Be7 26. Bxh4 Bxh4 27. Nxf4 exf4 28. Rxf4 Rh7 29. Qf3 Qe7 30. a6 Bc8 31. Rf8+ Kg7 32. Rf1 Kh6 33. Ne2 Bg4 34. Qxg4 Rxf8 35. Rxf8 Qxf8 36. Qxh4+ Kg7 37. Qg5+ Kh8 38. Nf4 Qb8 39. Ng6+ Kg7 40. Ne7+ Kf7 41. Qg6+ Kxe7 42. Qxh7+ Kf6 43. Qf5+ Kg7 44. Qd7+ Kf6 45. Qc6 Ke5 46. Qb7 Qe8 47. Qxc7 Qxb5 48. Qe7+ Kd4 49. Qxa7+ Kxe4 50. Qe7+ Kd4 51. a7 Qb1+ 52. Kf2 Qf5+ 53. Kg3 Qxd5 54. Kf4 Kc3 55. Qe3+ Kb2 56. g4 Qh1 57. Qe2+ Ka1 58. Qa6+ Kb2 59. a8Q Qxh2+ 60. Kf5 Qe5+ 61. Kg6 Qe6+ 62. Kh5 Qf7+ 63. Kh4 Qf2+ 64. Kh3 Qe3+ 65. Kg2 Qd2+ 66. Kf3 Qc3+ 67. Kg2 Qd2+ 68. Kh1 Qe1+ 69. Kh2 Qd2+ 70. Qg2 1-0

[Event "BOL-ch"]
[Site "Santa Cruz"]
[Date "2022.05.21"]
[Round "6"]
[White "Delgadillo, Adonai"]
[Black "Zambrana, Oswaldo"]
[Result "1/2-1/2"]
[WhiteElo "2196"]
[BlackElo "2428"]
[PlyCount "88"]
[EventDate "2022.05.18"]
[EventType "tourn"]
[EventRounds "9"]
[EventCountry "BOL"]
[SourceTitle "EXT 2023"]
[Source "ChessBase"]
[SourceDate "2022.10.05"]
[SourceVersion "1"]
[SourceVersionDate "2022.10.05"]
[SourceQuality "1"]

1. e4 c5 2. Nf3 Nc6 3. d4 cxd4 4. Nxd4 Nf6 5. Nc3 e5 6. Ndb5 d6 7. Bg5 a6 8. Na3 b5 9. Bxf6 gxf6 10. Nd5 Bg7 11. c3 0-0 12. Nc2 f5 13. exf5 Bxf5 14. Nce3 Be6 15. Qh5 f5 16. Bd3 e4 17. Bc2 Ne7 18. Rd1 Nxd5 19. Nxd5 Rc8 20. 0-0 Rc5 21. Bb3 Bxd5 22. Bxd5+ Kh8 23. Rd2 Qf6 24. Rfd1 Qg6 25. Qe2 Be5 26. Qe3 Rc7 27. f4 exf3 28. Bxf3 Rc4 29. Rd5 Rh4 30. Rxe5 dxe5 31. Qxe5+ Qf6 32. Qc5 Rh6 33. Rd4 Rg6 34. a4 bxa4 35. Rxa4 Qd6 36. Qxd6 Rxd6 37. c4 Rc8 38. Bd5 Rb8 39. b4 Kg7 40. Kf2 Kf6 41. Ke3 Ke5 42. Bf3 f4+ 43. Ke2 Kd4 44. b5 axb5 1/2-1/2

[Event "BOL-ch"]
[Site "Santa Cruz"]
[Date "2022.05.20"]
[Round "5"]
[White "Delgadillo, Adonai"]
[Black "Gemy Vargas, Jose Daniel"]
[Result "0-1"]
[WhiteElo "2196"]
[BlackElo "2367"]
[PlyCount "78"]
[EventDate "2022.05.18"]
[EventType "tourn"]
[EventRounds "9"]
[EventCountry "BOL"]
[SourceTitle "EXT 2023"]
[Source "ChessBase"]
[SourceDate "2022.10.05"]
[SourceVersion "1"]
[SourceVersionDate "2022.10.05"]
[SourceQuality "1"]

1. e4 e5 2. Nf3 Nc6 3. Bb5 a6 4. Ba4 Nf6 5. 0-0 Nxe4 6. Re1 Nc5 7. Bxc6 dxc6 8. Nxe5 Be7 9. d4 Ne6 10. Be3 0-0 11. Nc3 f6 12. Nf3 Bb4 13. Qd3 b5 14. Rad1 Bb7 15. Qe4 Re8 16. d5 c5 17. Qg4 Nf8 18. Rf1 Qd7 19. Qh5 Rad8 20. Ne2 Qf7 21. Qxf7+ Kxf7 22. a3 Ba5 23. Nf4 c4 24. h4 Ng6 25. Ne6 Rxd5 26. Nc5 Rxd1 27. Rxd1 Bxf3 28. gxf3 Nxh4 29. Nxa6 Nxf3+ 30. Kg2 Nh4+ 31. Kf1 g5 32. Rd5 c6 33. Rd7+ Kg6 34. b4 cxb3 35. cxb3 Nf5 36. Bc5 Re1+ 37. Kg2 Nh4+ 38. Kg3 Rg1+ 39. Kh2 Nf3+ 0-1

[Event "La Paz Tricolor op"]
[Site "La Paz"]
[Date "2021.08.07"]
[Round "4"]
[White "Aguilar Flores, Fidel"]
[Black "Delgadillo, Adonai"]
[Result "0-1"]
[WhiteElo "1880"]
[BlackElo "2236"]
[PlyCount "56"]
[EventDate "2021.08.06"]
[EventType "swiss"]
[EventRounds "6"]
[EventCountry "BOL"]
[SourceTitle "EXT 2022"]
[Source "ChessBase"]
[SourceDate "2021.10.06"]
[SourceVersion "1"]
[SourceVersionDate "2021.10.06"]
[SourceQuality "1"]

1. d4 Nf6 2. Bf4 b6 3. e3 Bb7 4. Nf3 g6 5. Be2 Bg7 6. 0-0 0-0 7. Nbd2 d6 8. c4 Nbd7 9. Qc2 Re8 10. d5 e5 11. Bg5 a5 12. h3 Nc5 13. a3 a4 14. Bxf6 Qxf6 15. Ne4 Nxe4 16. Qxe4 Qe7 17. Qc2 e4 18. Nd2 f5 19. Rae1 Qe5 20. Rb1 Bc8 21. Qc1 f4 22. exf4 Qxf4 23. g3 Qg5 24. h4 Qf5 25. Qc2 Bd4 26. Rbd1 Qe5 27. Nxe4 Bf5 28. Qd3 Bc5 0-1

[Event "Leon Blitz op 34th"]
[Site "Chess.com INT"]
[Date "2021.07.07"]
[Round "6"]
[White "Saravana, Krishnan P"]
[Black "Delgadillo, Adonai"]
[Result "0-1"]
[WhiteElo "2312"]
[BlackElo "2236"]
[PlyCount "61"]
[EventDate "2021.07.07"]
[EventType "swiss (blitz)"]
[EventRounds "14"]
[EventCountry "ESP"]
[SourceTitle "CBM 203 Extra"]
[Source "ChessBase"]
[SourceDate "2021.09.30"]
[SourceVersion "1"]
[SourceVersionDate "2021.09.30"]
[SourceQuality "1"]

1. e4 c5 2. Nf3 d6 3. Bb5+ Bd7 4. a4 g6 5. 0-0 Bg7 6. Re1 Nf6 7. c3 0-0 8. d4 cxd4 9. Bxd7 Nbxd7 10. cxd4 e5 11. Nc3 Re8 12. d5 a5 13. h3 Nc5 14. Be3 Rc8 15. Rc1 Nfxe4 16. Nxe4 Nxe4 17. Qb3 Rxc1 18. Rxc1 Qd7 19. Qc4 Nf6 20. Bb6 Bh6 21. Rc2 e4 22. Qd4 Qf5 23. Nh4 Qg5 24. g3 Bg7 25. Rd2 e3 26. Nf3 Qf5 27. Nh4 Qxh3 28. fxe3 Ng4 29. Qf4 Be5 30. Qf3 Bxg3 31. Ng2 0-1

[Event "Leon Blitz op 34th"]
[Site "Chess.com INT"]
[Date "2021.07.07"]
[Round "3"]
[White "Toropov, Pavel"]
[Black "Delgadillo, Adonai"]
[Result "0-1"]
[WhiteElo "2336"]
[BlackElo "2236"]
[PlyCount "104"]
[EventDate "2021.07.07"]
[EventType "swiss (blitz)"]
[EventRounds "14"]
[EventCountry "ESP"]
[SourceTitle "CBM 203 Extra"]
[Source "ChessBase"]
[SourceDate "2021.09.30"]
[SourceVersion "1"]
[SourceVersionDate "2021.09.30"]
[SourceQuality "1"]

1. e4 c5 2. Nf3 d6 3. Bb5+ Bd7 4. Bxd7+ Qxd7 5. c4 g6 6. d4 cxd4 7. Nxd4 Bg7 8. Nc3 Nc6 9. Be3 Nf6 10. f3 0-0 11. 0-0 Rfc8 12. b3 Ne8 13. Qd2 Nc7 14. Nde2 Rab8 15. a4 b6 16. Rfd1 a6 17. Rac1 Qe8 18. Nd5 Nxd5 19. cxd5 Ne5 20. Rxc8 Qxc8 21. Rc1 Qe8 22. Qc2 Nd7 23. Nd4 Bxd4 24. Bxd4 Nc5 25. Bb2 b5 26. a5 b4 27. Bd4 Rb5 28. Ra1 Qd8 29. Qa2 h5 30. h3 f6 31. Qd2 Kg7 32. Qa2 Qc7 33. Kh1 Qd8 34. Kg1 g5 35. g4 hxg4 36. hxg4 Qh8 37. Kg2 Nd3 38. Be3 Qd8 39. Kg3 Qc7 40. Qh2 Qc3 41. Rh1 Qe5+ 42. f4 gxf4+ 43. Kf3 Ne1+ 44. Ke2 Qb2+ 45. Bd2 Qxd2+ 46. Kxd2 Nf3+ 47. Kd3 Nxh2 48. Rxh2 Rc5 49. Rf2 Rc3+ 50. Kd4 f3 51. g5 fxg5 52. e5 g4 0-1

[Event "Titled Tuesday intern op 08th June"]
[Site "Chess.com INT"]
[Date "2021.06.08"]
[Round "7"]
[White "Delgadillo, Adonai"]
[Black "Brunner, Nicolas"]
[Result "0-1"]
[WhiteElo "2236"]
[BlackElo "2418"]
[PlyCount "94"]
[EventDate "2021.06.08"]
[EventType "swiss (blitz)"]
[EventRounds "11"]
[EventCountry "USA"]
[SourceTitle "CBM 202 Extra"]
[Source "ChessBase"]
[SourceDate "2021.07.31"]
[SourceVersion "1"]
[SourceVersionDate "2021.07.31"]
[SourceQuality "1"]

1. e4 c5 2. Nf3 e6 3. d4 cxd4 4. Nxd4 Nc6 5. Nb3 a6 6. Bd3 Nf6 7. 0-0 d5 8. exd5 Nxd5 9. a3 Be7 10. Qh5 g6 11. Qf3 0-0 12. Bh6 Re8 13. Re1 Bf6 14. c3 Ne5 15. Qe4 Nxd3 16. Qxd3 Bd7 17. N1d2 Bc6 18. Ne4 Bh8 19. Nd4 Rc8 20. Rad1 Qc7 21. Qh3 Ba4 22. Rd3 e5 23. Nf5 Rcd8 24. Qh4 Qc6 25. Bg5 f6 26. Rxd5 Rxd5 27. Nxf6+ Bxf6 28. Nh6+ Kg7 29. Bxf6+ Qxf6 30. Qh3 Red8 31. Ng4 Qf5 32. Qh6+ Kh8 33. Ne3 Qe4 34. h4 R5d7 35. h5 Bc6 36. hxg6 Qxg6 37. Qh4 Rg8 38. g3 Qe4 39. Qh3 Rf7 40. c4 Qg6 41. Kf1 Bf3 42. Rc1 e4 43. Ke1 b5 44. c5 b4 45. axb4 Qc6 46. Rc3 Qb5 47. Qh5 Qe2# 0-1

[Event "Titled Tuesday intern op 08th June"]
[Site "Chess.com INT"]
[Date "2021.06.08"]
[Round "5"]
[White "Vazquez, Facundo"]
[Black "Delgadillo, Adonai"]
[Result "1-0"]
[WhiteElo "2199"]
[BlackElo "2236"]
[PlyCount "65"]
[EventDate "2021.06.08"]
[EventType "swiss (blitz)"]
[EventRounds "11"]
[EventCountry "USA"]
[SourceTitle "CBM 202 Extra"]
[Source "ChessBase"]
[SourceDate "2021.07.31"]
[SourceVersion "1"]
[SourceVersionDate "2021.07.31"]
[SourceQuality "1"]

1. d4 Nf6 2. c4 e6 3. Nf3 Bb4+ 4. Bd2 a5 5. g3 0-0 6. Bg2 d5 7. 0-0 Nbd7 8. Qc2 b6 9. Bf4 dxc4 10. Qxc4 Ba6 11. Qc2 Bd6 12. Ne5 Nd5 13. Nc3 Nxf4 14. gxf4 Rc8 15. Bc6 Nb8 16. Be4 Qh4 17. e3 c5 18. dxc5 Bxe5 19. fxe5 Bxf1 20. Rxf1 Rxc5 21. f4 f6 22. exf6 Rxf6 23. Qd1 Rc8 24. Rf2 Rcf8 25. Qd6 Na6 26. Qxb6 e5 27. Qxa5 exf4 28. Nd5 Re6 29. Nxf4 Rxe4 30. Qd5+ Kh8 31. Qxe4 Nc5 32. Ng6+ hxg6 33. Rxf8+ 1-0

[Event "Titled Tuesday intern op 01st June"]
[Site "Chess.com INT"]
[Date "2021.06.01"]
[Round "3"]
[White "Delgadillo, Adonai"]
[Black "Golubovskis, Maksims"]
[Result "1-0"]
[WhiteElo "2236"]
[BlackElo "2302"]
[PlyCount "71"]
[EventDate "2021.06.01"]
[EventType "swiss (blitz)"]
[EventRounds "11"]
[EventCountry "USA"]
[SourceTitle "CBM 202 Extra"]
[Source "ChessBase"]
[SourceDate "2021.07.31"]
[SourceVersion "1"]
[SourceVersionDate "2021.07.31"]
[SourceQuality "1"]

1. e4 c5 2. Nf3 d6 3. b3 Nf6 4. Nc3 Nc6 5. Bb2 Bg4 6. Be2 e6 7. 0-0 Be7 8. h3 Bh5 9. Re1 Bg6 10. Bf1 0-0 11. d4 cxd4 12. Nxd4 Nxd4 13. Qxd4 e5 14. Qe3 Rc8 15. Rac1 Qa5 16. a4 Bd8 17. Red1 Bb6 18. Qf3 Bd4 19. Rxd4 exd4 20. Nb5 Nxe4 21. Nxd4 Qd2 22. Bd3 Ng5 23. Qd1 Qxd1+ 24. Rxd1 Bxd3 25. Rxd3 Rc7 26. c4 Rfc8 27. Nf5 Ne6 28. Rxd6 g6 29. Nh6+ Kf8 30. Bf6 Rc5 31. Ng4 Rf5 32. f3 h5 33. Bb2 hxg4 34. hxg4 Rg5 35. Ba3 Nf4 36. Rd5+ 1-0

[Event "Titled Tuesday intern op 01st June"]
[Site "Chess.com INT"]
[Date "2021.06.01"]
[Round "8"]
[White "Krishna Teja, N."]
[Black "Delgadillo, Adonai"]
[Result "1-0"]
[WhiteElo "2399"]
[BlackElo "2236"]
[PlyCount "63"]
[EventDate "2021.06.01"]
[EventType "swiss (blitz)"]
[EventRounds "11"]
[EventCountry "USA"]
[SourceTitle "CBM 202 Extra"]
[Source "ChessBase"]
[SourceDate "2021.07.31"]
[SourceVersion "1"]
[SourceVersionDate "2021.07.31"]
[SourceQuality "1"]

1. d4 Nf6 2. c4 e6 3. g3 Bb4+ 4. Bd2 a5 5. Nf3 Ke7 6. Bg2 Re8 7. 0-0 Kf8 8. Bf4 Kg8 9. c5 a4 10. a3 Ba5 11. Qxa4 b5 12. cxb6 Bb7 13. Bxc7 Qe7 14. Qd1 Nd5 15. Ne5 d6 16. Nc4 Nd7 17. Nxd6 Nxc7 18. Bxb7 Qxd6 19. bxc7 Qxc7 20. Bxa8 Rxa8 21. Nd2 Bb6 22. Nf3 Nf6 23. Rc1 Qd6 24. Qc2 h5 25. Qc6 Rd8 26. Qxd6 Rxd6 27. e3 Ne4 28. Rc8+ Kh7 29. Rfc1 Rd7 30. Ne5 Rb7 31. R1c6 f6 32. Nc4 1-0

[Event "Titled Tuesday intern op 01st June"]
[Site "Chess.com INT"]
[Date "2021.06.01"]
[Round "10"]
[White "Lehtosaari, Mauri"]
[Black "Delgadillo, Adonai"]
[Result "0-1"]
[WhiteElo "2199"]
[BlackElo "2236"]
[PlyCount "79"]
[EventDate "2021.06.01"]
[EventType "swiss (blitz)"]
[EventRounds "11"]
[EventCountry "USA"]
[SourceTitle "CBM 202 Extra"]
[Source "ChessBase"]
[SourceDate "2021.07.31"]
[SourceVersion "1"]
[SourceVersionDate "2021.07.31"]
[SourceQuality "1"]

1. d4 Nf6 2. Nf3 e6 3. Bg5 Be7 4. Nbd2 d5 5. e3 c5 6. c3 Nbd7 7. Bd3 Nf8 8. Ne5 Ng6 9. Nxg6 hxg6 10. h3 c4 11. Bc2 Bd7 12. Qe2 b5 13. a3 a5 14. Bf4 b4 15. axb4 axb4 16. Rxa8 Qxa8 17. 0-0 b3 18. Bb1 Nh5 19. Bh2 f5 20. f3 Bc6 21. e4 Nf6 22. exf5 exf5 23. Re1 0-0 24. Be5 Re8 25. Nf1 Bf8 26. h4 Qc8 27. Qf2 Nd7 28. Qg3 Nxe5 29. dxe5 Qe6 30. f4 Bc5+ 31. Kh1 d4 32. cxd4 Bxd4 33. Re2 Ra8 34. Qg5 Ra1 35. Qd8+ Kh7 36. Qxd4 Rxb1 37. Kh2 Rxf1 38. Rd2 Qe7 39. Kg3 Rh1 40. Kf2 0-1

[Event "Titled Tuesday intern op 25th May"]
[Site "Chess.com INT"]
[Date "2021.05.25"]
[Round "3"]
[White "Schmakel, Sam A"]
[Black "Delgadillo, Adonai"]
[Result "1-0"]
[WhiteElo "2435"]
[BlackElo "2236"]
[PlyCount "73"]
[EventDate "2021.05.25"]
[EventType "swiss (blitz)"]
[EventRounds "11"]
[EventCountry "USA"]
[SourceTitle "CBM 203 Extra"]
[Source "ChessBase"]
[SourceDate "2021.09.30"]
[SourceVersion "1"]
[SourceVersionDate "2021.09.30"]
[SourceQuality "1"]

1. d4 Nf6 2. c4 g6 3. Nc3 d6 4. e4 Bg7 5. Nf3 c5 6. d5 0-0 7. h3 e6 8. Bd3 exd5 9. exd5 Re8+ 10. Be3 Nbd7 11. 0-0 a6 12. Bf4 Ne5 13. Nxe5 dxe5 14. Be3 b6 15. Rb1 Bf5 16. b4 Bxd3 17. Qxd3 e4 18. Qc2 Qd6 19. bxc5 bxc5 20. Rb7 Rab8 21. Rfb1 Rxb7 22. Rxb7 Re7 23. Rb1 h6 24. a4 Kh7 25. a5 Qd8 26. Bxc5 Re8 27. Bb6 Qd7 28. Rd1 Nh5 29. Nxe4 Qf5 30. f3 Ng3 31. d6 Nxe4 32. fxe4 Qf4 33. d7 Be5 34. dxe8Q Qh2+ 35. Kf2 Qg3+ 36. Kf1 Qf4+ 37. Qf2 1-0

[Event "Titled Tuesday intern op 25th May"]
[Site "Chess.com INT"]
[Date "2021.05.25"]
[Round "1"]
[White "Weetik, Vjacheslav"]
[Black "Delgadillo, Adonai"]
[Result "1-0"]
[WhiteElo "2423"]
[BlackElo "2236"]
[PlyCount "43"]
[EventDate "2021.05.25"]
[EventType "swiss (blitz)"]
[EventRounds "11"]
[EventCountry "USA"]
[SourceTitle "CBM 203 Extra"]
[Source "ChessBase"]
[SourceDate "2021.09.30"]
[SourceVersion "1"]
[SourceVersionDate "2021.09.30"]
[SourceQuality "1"]

1. d4 Nf6 2. Bf4 c5 3. e3 g6 4. Nf3 Bg7 5. Nbd2 0-0 6. Be2 b6 7. 0-0 Bb7 8. h3 d6 9. a4 Nbd7 10. a5 Re8 11. Bh2 Rc8 12. c3 Rb8 13. Re1 Bc6 14. axb6 axb6 15. Bf1 Ra8 16. e4 Rxa1 17. Qxa1 Qa8 18. d5 Bb7 19. Bb5 Qxa1 20. Rxa1 Ra8 21. Rxa8+ Bxa8 22. Bc6 1-0

[Event "Titled Tuesday intern op 11th May"]
[Site "Chess.com INT"]
[Date "2021.05.11"]
[Round "1"]
[White "Delgadillo, Adonai"]
[Black "Sapunov, Evgeny"]
[Result "0-1"]
[WhiteElo "2236"]
[BlackElo "2461"]
[PlyCount "36"]
[EventDate "2021.05.11"]
[EventType "swiss (blitz)"]
[EventRounds "11"]
[EventCountry "USA"]
[SourceTitle "CBM 202 Extra"]
[Source "ChessBase"]
[SourceDate "2021.07.31"]
[SourceVersion "1"]
[SourceVersionDate "2021.07.31"]
[SourceQuality "1"]

1. e4 c5 2. Nf3 d6 3. d4 cxd4 4. Nxd4 Nf6 5. Nc3 Nc6 6. Bg5 e6 7. Qd2 a6 8. 0-0-0 h6 9. Bh4 Nxe4 10. Qf4 Ng5 11. Nxc6 bxc6 12. Ne4 d5 13. Nxg5 hxg5 14. Bxg5 f6 15. Bd3 fxg5 16. Bg6+ Kd7 17. Rxd5+ cxd5 18. Qa4+ Ke7 0-1

[Event "Titled Tuesday intern op 04th May"]
[Site "Chess.com INT"]
[Date "2021.05.04"]
[Round "1"]
[White "Saraci, Nderim"]
[Black "Delgadillo, Adonai"]
[Result "1-0"]
[WhiteElo "2424"]
[BlackElo "2236"]
[PlyCount "131"]
[EventDate "2021.05.04"]
[EventType "swiss (blitz)"]
[EventRounds "11"]
[EventCountry "USA"]
[SourceTitle "CBM 202 Extra"]
[Source "ChessBase"]
[SourceDate "2021.07.31"]
[SourceVersion "1"]
[SourceVersionDate "2021.07.31"]
[SourceQuality "1"]

1. d4 Nf6 2. Nf3 b6 3. c4 Bb7 4. Nc3 e6 5. Bg5 Bb4 6. Qc2 h6 7. Bxf6 Qxf6 8. a3 Bxc3+ 9. Qxc3 c5 10. Rd1 Nc6 11. e3 cxd4 12. Nxd4 0-0-0 13. Be2 Nxd4 14. Qxd4 d5 15. Qxf6 gxf6 16. cxd5 Bxd5 17. f3 f5 18. Kf2 Kb7 19. Rd4 Bb3 20. Rb4 Bd5 21. Rd1 Bc6 22. Rxd8 Rxd8 23. Ke1 Rg8 24. g3 Bd5 25. Rf4 Rc8 26. e4 fxe4 27. fxe4 e5 28. Rf5 Bxe4 29. Rxf7+ Kb8 30. Re7 Rc2 31. Rxe5 Bc6 32. b3 Ra2 33. a4 Rb2 34. Re3 Bd5 35. Re8+ Kc7 36. Re7+ Kd6 37. Rxa7 Rxb3 38. Rh7 Kc5 39. Rxh6 Kd4 40. Kf2 Rb2 41. Rh4+ Ke5 42. Ke3 Rb3+ 43. Bd3 Be6 44. Rh5+ Kf6 45. Rb5 Ra3 46. Rxb6 Rxa4 47. h3 Ke5 48. Rb5+ Kf6 49. Rh5 Ra3 50. Rh6+ Ke5 51. Rh5+ Kf6 52. Kd2 Ra2+ 53. Kc1 Rg2 54. g4 Rg3 55. Bf5 Bd5 56. Kd2 Bg2 57. h4 Bh3 58. Rg5 Bg2 59. Rg6+ Ke5 60. h5 Kf4 61. h6 Rh3 62. Rb6 Bf3 63. Rb4+ Kg5 64. h7 Bd5 65. Rb8 Rh2+ 66. Kc3 1-0

[Event "Titled Tuesday intern op 20th Apr"]
[Site "Chess.com INT"]
[Date "2021.04.20"]
[Round "2"]
[White "Delgadillo, Adonai"]
[Black "Josse, Mark"]
[Result "0-1"]
[WhiteElo "2236"]
[BlackElo "2235"]
[PlyCount "50"]
[EventDate "2021.04.20"]
[EventType "swiss (blitz)"]
[EventRounds "11"]
[EventCountry "USA"]
[SourceTitle "CBM 202 Extra"]
[Source "ChessBase"]
[SourceDate "2021.07.31"]
[SourceVersion "1"]
[SourceVersionDate "2021.07.31"]
[SourceQuality "1"]

1. e4 e5 2. Nf3 Nc6 3. Bc4 Bc5 4. c3 Nf6 5. d3 0-0 6. b4 Bb6 7. 0-0 d6 8. Nbd2 Ne7 9. a4 a6 10. Bb3 Ng6 11. Nc4 Ba7 12. Be3 c6 13. a5 Nh5 14. Bxa7 Rxa7 15. Nb6 Nhf4 16. Ne1 Qg5 17. g3 Bh3 18. Nf3 Qh5 19. Re1 Bg4 20. Re3 Nh3+ 21. Kf1 Ng5 22. Kg2 Nf4+ 23. gxf4 Qh3+ 24. Kg1 Bxf3 25. Qf1 Qg4+ 0-1

[Event "Titled Tuesday intern op 20th Apr"]
[Site "Chess.com INT"]
[Date "2021.04.20"]
[Round "4"]
[White "Starosta, Martyna"]
[Black "Delgadillo, Adonai"]
[Result "0-1"]
[WhiteElo "1910"]
[BlackElo "2236"]
[PlyCount "60"]
[EventDate "2021.04.20"]
[EventType "swiss (blitz)"]
[EventRounds "11"]
[EventCountry "USA"]
[SourceTitle "CBM 202 Extra"]
[Source "ChessBase"]
[SourceDate "2021.07.31"]
[SourceVersion "1"]
[SourceVersionDate "2021.07.31"]
[SourceQuality "1"]

1. d4 Nf6 2. c4 e6 3. Nc3 Bb4 4. e3 0-0 5. Bd2 b6 6. a3 Be7 7. d5 exd5 8. cxd5 Bb7 9. e4 c6 10. Bc4 Nxe4 11. dxc6 Bxc6 12. Nxe4 Bxe4 13. Qg4 Bg6 14. h4 d5 15. h5 Be4 16. h6 g6 17. Ba2 Bf6 18. Ne2 Nd7 19. Bc3 Ne5 20. Qg3 Nd3+ 21. Kf1 Nxb2 22. Re1 Rc8 23. Bd4 Bxd4 24. Nxd4 Qf6 25. Nf3 Nd3 26. Rd1 Rc2 27. Bb1 Rxf2+ 28. Qxf2 Nxf2 29. Kxf2 Rc8 30. Rc1 Qe6 0-1

[Event "Titled Tuesday intern op 13th Apr"]
[Site "Chess.com INT"]
[Date "2021.04.13"]
[Round "1"]
[White "Zhigalko, Sergei"]
[Black "Delgadillo, Adonai"]
[Result "1-0"]
[WhiteElo "2572"]
[BlackElo "2236"]
[PlyCount "25"]
[EventDate "2021.04.13"]
[EventType "swiss (blitz)"]
[EventRounds "11"]
[EventCountry "USA"]
[SourceTitle "CBM 201 Extra"]
[Source "ChessBase"]
[SourceDate "2021.05.31"]
[SourceVersion "1"]
[SourceVersionDate "2021.05.31"]
[SourceQuality "1"]

1. e4 c5 2. Nf3 d6 3. d4 cxd4 4. Qxd4 Nf6 5. Nc3 a6 6. Bc4 Nc6 7. Qd3 e6 8. Bf4 Qc7 9. 0-0-0 Ne5 10. Nxe5 dxe5 11. Bxe5 Qd7 12. Qe2 Qc6 13. Nb5 1-0

[Event "Titled Tuesday intern op 06th Apr"]
[Site "Chess.com INT"]
[Date "2021.04.06"]
[Round "6"]
[White "Delgadillo, Adonai"]
[Black "Lauridsen, Jesper Morch"]
[Result "1-0"]
[WhiteElo "2236"]
[BlackElo "2215"]
[PlyCount "135"]
[EventDate "2021.04.06"]
[EventType "swiss (blitz)"]
[EventRounds "11"]
[EventCountry "USA"]
[SourceTitle "CBM 201 Extra"]
[Source "ChessBase"]
[SourceDate "2021.05.31"]
[SourceVersion "1"]
[SourceVersionDate "2021.05.31"]
[SourceQuality "1"]

1. e4 e6 2. d4 d5 3. Nc3 dxe4 4. Nxe4 Bd7 5. Nf3 Bc6 6. Bd3 Nd7 7. 0-0 Ngf6 8. Ned2 Be7 9. c3 Bxf3 10. Qxf3 c6 11. a4 a5 12. Nc4 0-0 13. Bf4 Re8 14. Qh3 Nf8 15. Rfe1 Ng6 16. Bg5 c5 17. dxc5 Bxc5 18. Rad1 Qc7 19. Qf3 Nd5 20. h4 Ndf4 21. Bf1 h6 22. Bxf4 Qxf4 23. Qxf4 Nxf4 24. g3 Nd5 25. Bg2 Red8 26. Bxd5 exd5 27. Ne5 d4 28. Nd3 Bb6 29. c4 Re8 30. Kf1 Kf8 31. Re5 Rxe5 32. Nxe5 Rd8 33. Ke2 f6 34. Nd3 Kf7 35. Kd2 Rc8 36. b3 Re8 37. Re1 Rxe1 38. Kxe1 Ke6 39. Ke2 Kf5 40. Kf3 h5 41. Kg2 g5 42. hxg5 fxg5 43. f3 g4 44. Kf2 gxf3 45. Kxf3 Ba7 46. Nf4 Kg5 47. Ne6+ Kf5 48. Nf4 Kg5 49. Ke4 h4 50. gxh4+ Kxh4 51. Ne6 Kg4 52. Nxd4 Kg5 53. Nb5 Bc5 54. Kd5 b6 55. Nd6 Kf4 56. Ne4 Bg1 57. c5 bxc5 58. Nxc5 Ke3 59. Kc6 Kd2 60. Kb5 Kc3 61. Nb7 Kxb3 62. Nxa5+ Kc2 63. Nb7 Kd3 64. a5 Ke4 65. Kc6 Ke5 66. a6 Ba7 67. Nc5 Kf6 68. Nd7+ 1-0

[Event "Titled Tuesday intern op 06th Apr"]
[Site "Chess.com INT"]
[Date "2021.04.06"]
[Round "4"]
[White "Delgadillo, Adonai"]
[Black "Ozen, Bahadir"]
[Result "0-1"]
[WhiteElo "2236"]
[BlackElo "2369"]
[PlyCount "34"]
[EventDate "2021.04.06"]
[EventType "swiss (blitz)"]
[EventRounds "11"]
[EventCountry "USA"]
[SourceTitle "CBM 201 Extra"]
[Source "ChessBase"]
[SourceDate "2021.05.31"]
[SourceVersion "1"]
[SourceVersionDate "2021.05.31"]
[SourceQuality "1"]

1. e4 g6 2. Nf3 d6 3. d4 Nf6 4. Bd3 Bg7 5. h3 0-0 6. 0-0 Nbd7 7. Nc3 e5 8. Re1 c6 9. Be3 b5 10. a4 b4 11. Ne2 exd4 12. Nexd4 Bb7 13. Bf4 Ne8 14. Bc4 Ne5 15. Bb3 c5 16. Nb5 Qe7 17. Bg5 Nxf3+ 0-1

[Event "Titled Tuesday intern op 06th Apr"]
[Site "Chess.com INT"]
[Date "2021.04.06"]
[Round "7"]
[White "Delgadillo, Adonai"]
[Black "Srihari, LR."]
[Result "0-1"]
[WhiteElo "2236"]
[BlackElo "2414"]
[PlyCount "54"]
[EventDate "2021.04.06"]
[EventType "swiss (blitz)"]
[EventRounds "11"]
[EventCountry "USA"]
[SourceTitle "CBM 201 Extra"]
[Source "ChessBase"]
[SourceDate "2021.05.31"]
[SourceVersion "1"]
[SourceVersionDate "2021.05.31"]
[SourceQuality "1"]

1. e4 c5 2. Nf3 e6 3. d4 cxd4 4. Nxd4 a6 5. Bd3 Bc5 6. Nb3 Ba7 7. c4 Nf6 8. Nc3 Nc6 9. 0-0 h5 10. Bg5 Qc7 11. Rc1 Ng4 12. g3 f6 13. Bf4 Nce5 14. h3 g5 15. Bxe5 Nxe5 16. Kg2 b6 17. Be2 Bb7 18. Bxh5+ Ke7 19. f4 gxf4 20. gxf4 Rag8+ 21. Kh2 Nxc4 22. Nd2 b5 23. Bg4 Be3 24. Ne2 Rxg4 25. b3 Bxd2 26. Qxd2 Nxd2 27. Rxc7 Nxf1+ 0-1